=LDR 00000nam 2200000 4500 =001 000787 =005 20250711111258 =035 ##$$a 0010-0725000656 =007 ta =008 250711################a##########0#ind## =020 ##$$a 978-623-307-903-7 =082 ##$$a 398.209 598 =084 ##$$a 398.209 598 KOE l =100 #$$a Koening, Nathalie =245 1#$$a Linda: Si Gadis Pengkhayal /$c Nathalie Koenig =250 ##$$a cetakan pertama =260 ##$$a Jakarta :$b badan pengembangan dan pembinaan bahasa,$c 2022 =300 ##$$a 20 hlm. : $b ilus. ; $c 22,9 cm$e 398.209 598 =650 #4$$a Literasi Bahan Bacaan =856 ##$$a TBM As Suhada =990 ##$$a TBM202400736